Design of Steel Structures/ (Record no. 175167)

MARC details
000 -LEADER
fixed length control field 00629nam a22001937a 4500
005 - DATE AND TIME OF LATEST TRANSACTION
control field 20200811155635.0
010 ## - LCCN (DPL NO)
LC control number ENG-128342
020 ## - INTERNATIONAL STANDARD BOOK NUMBER
Terms of availability 569.00
International Standard Book Number 9789353945213
035 ## - SYSTEM CONTROL NUMBER
System control number EN-111874
037 ## - SOURCE OF ACQUISITION
Source of stock number/acquisition DBAD/PUB
082 ## - DEWEY DECIMAL CLASSIFICATION NUMBER
Classification number 624.1821
100 ## - MAIN ENTRY--PERSONAL NAME
Personal name K.S. Sai Ram
245 ## - TITLE STATEMENT
Title Design of Steel Structures/
Statement of responsibility, etc by K.S. Sai Ram
260 ## - PUBLICATION, DISTRIBUTION, ETC. (IMPRINT)
Place of publication, distribution, etc New Delhi
Name of publisher, distributor, etc Pearson
Date of publication, distribution, etc 2021
270 ## - ADDRESS
Address 15th floor,Tower-B,Word Trade Tower,Plot no.1,Block-C sec 16,
City Noida
Postal code 201301
Telephone number 04466540100
Electronic mail address companysecretary.india@pearson.com
300 ## - PHYSICAL DESCRIPTION
Extent xvi;608p..
Dimensions 24cm(pbk)
500 ## - GENERAL NOTE
General note includes index
942 ## - ADDED ENTRY ELEMENTS (KOHA)
Source of classification or shelving scheme Dewey Decimal Classification
Item type English Books
Classification part 624.1821
Call number suffix SAI
Holdings
Withdrawn status Lost status Not for loan Collection code Home library Current library Date acquired Source of acquisition Cost, normal purchase price Full call number Barcode Copy number Cost, replacement price Koha item type
      Non-fiction Central Library Central Library 11/08/2020 DBAD/PUB 939.00 006.76 SEB EN-111874 1 939.00 English Books

© Delhi Public Library
Hit Counter
free hit counter